La quinta estación / (Record no. 108738)

MARC details
000 -LEADER
campo de control de longitud fija 00626nam a2200193 4500
001 - NÚMERO DE CONTROL
campo de control 108738
003 - IDENTIFICADOR DE NÚMERO DE CONTROL
campo de control ES-MaACL
005 - FECHA Y HORA DE LA ÚLTIMA TRANSACCIÓN
campo de control 20230906184711.0
007 - CAMPO FIJO DE DESCRIPCIÓN FÍSICA--INFORMACIÓN GENERAL
campo de control de longitud fija t|
008 - DATOS DE LONGITUD FIJA--INFORMACIÓN GENERAL
campo de control de longitud fija 061121s1980 sp r ||||1| spa d
100 1# - ENTRADA PRINCIPAL--NOMBRE DE PERSONA
Nombre de persona Montón, José V.
9 (RLIN) 82682
245 13 - MENCIÓN DEL TÍTULO
Título La quinta estación /
Mención de responsabilidad, etc. José V. ; Javier Paricio; prólogo de Vicente Lagüens; dibujos de Julio Miró.
260 ## - PUBLICACIÓN, DISTRIBUCIÓN, ETC.
Lugar de publicación, distribución, etc. Zaragoza :
Nombre del editor, distribuidor, etc. [s.n.],
Fecha de publicación, distribución, etc. 1980 (
Fabricante Librería General)
300 ## - DESCRIPCIÓN FÍSICA
Extensión 95 p. :
Otras características físicas il ;
Dimensiones 20 cm.
700 1# - ENTRADA AGREGADA--NOMBRE PERSONAL
Nombre de persona Paricio, Javier.
9 (RLIN) 89121
700 1# - ENTRADA AGREGADA--NOMBRE PERSONAL
Nombre de persona Lagüens, Vicente.
9 (RLIN) 69610
700 1# - ENTRADA AGREGADA--NOMBRE PERSONAL
Nombre de persona Miró, Julio.
9 (RLIN) 81607
852 ## - LOCALIZACIÓN
Ubicación ES-MaACL
Número de control de estantería C-20929
Sublocalización o colección R.100371
Holdings
Estatus retirado Estado de pérdida Estado de daño No para préstamo Biblioteca de origen Biblioteca actual Ubicación en estantería Fecha de adquisición Fuente de adquisición Total de préstamos Signatura topográfica completa Código de barras Visto por última vez Precio de reemplazo Tipo de ítem Koha
        Biblioteca del Ateneo de Madrid Biblioteca del Ateneo de Madrid Galería 17/01/2008     C-20929 1113464 23/02/2023 23/02/2023 Libro impreso